Top clients and contractors (Record no. 80751)

MARC details
000 -LEADER
fixed length control field 00777cab a22001935a 4500
001 - CONTROL NUMBER
control field L145263
008 - FIXED-LENGTH DATA ELEMENTS--GENERAL INFORMATION
fixed length control field 080922e20080911xxko f 000 0 eng d
035 ## - SYSTEM CONTROL NUMBER
System control number (Sirsi) u145263
041 0# - LANGUAGE CODE
Language code of text/sound track or separate title eng
110 2# - MAIN ENTRY--CORPORATE NAME
Corporate name or jurisdiction name as entry element Construction News
9 (RLIN) 2644
245 00 - TITLE STATEMENT
Title Top clients and contractors
260 ## - PUBLICATION, DISTRIBUTION, ETC.
Date of publication, distribution, etc. 2008
490 ## - SERIES STATEMENT
Series statement Construction News
Volume/sequential designation (7085) 11 September 2008, 17(1)
520 ## - SUMMARY, ETC.
Summary, etc. Presents a list of major clients and contractors for the North-West and the North-East regions. Details lists of contractors by number of contracts and total value of contracts in millions of pounds. Develops the client lists in total value of contracts in millions of pounds.
590 ## - LOCAL NOTE (RLIN)
Local note KA
651 #4 - SUBJECT ADDED ENTRY--GEOGRAPHIC NAME
Geographic name England and Wales
Chronological subdivision 1543-
690 ## - LOCAL SUBJECT ADDED ENTRY--TOPICAL TERM (OCLC, RLIN)
Topical term or geographic name as entry element BUILT ENVIRONMENT-CONSTRUCTION MARKET
942 ## - ADDED ENTRY ELEMENTS (KOHA)
Suppress in OPAC 0
Holdings
Withdrawn status Lost status Source of classification or shelving scheme Damaged status Not for loan Home library Current library Shelving location Date acquired Total Checkouts Full call number Barcode Date last seen Copy number Price effective from Koha item type
    Dewey Decimal Classification     London London Journal article 22/09/2008   L145263 145263-1001 06/08/2019 1 06/08/2019 Journal article